000 00275nam a22001217a 4500
008 181016b xxu||||| |||| 00| 0 eng d
041 _aeng
080 _a573
100 _a11
101 _abio
245 _aMolecular Biology Of The Gene
_cWatson.j.d
942 _2udc
_cBK
999 _c49881
_d49881